Movie by Alien Quiz Stats

 Plays Quiz Updated Aug 7, 2014

Support Sporcle.
Go Orange.
Score 0/20 Timer 05:00
0 Plays Today
Picture Number Movie Title % Correct
E.T.: The Extra-Terrestrial
99%
Avatar
97.3%
Star Wars Episode VI: Return of the Jedi
93.9%
Alien
92.8%
Men in Black II
90.5%
Lilo & Stitch
88.8%
The Coneheads
82.1%
Mars Attacks!
72.7%
Spaceballs
71.6%
Star Trek: First Contact
61.8%
Picture Number Movie Title % Correct
Guardians of the Galaxy
60.5%
Superman II
57%
The Fifth Element
51.1%
District 9
46.3%
Battlefield Earth
45.9%
Close Encounters of the Third Kind
42.9%
The Day the Earth Stood Still
39.1%
Species
37.4%
The Hitchhiker's Guide to the Galaxy
24.3%
Starman
23.3%

You're not logged in!

Compare scores with friends on all Sporcle quizzes.
OR
Log In

From the Vault

Movies at the Half-Hour Mark (2010s)

by aglick

By the half hour mark you've probably decided whether or not you care about the movie.
Remove Ads.
Support Sporcle.
Get the best of Sporcle when you Go Orange. This ad-free experience offers more features, more stats, and more fun while also helping to support Sporcle. Thank you for becoming a member.

Show Comments

Extras

Top Quizzes Today


Score Distribution

Your Account Isn't Verified!

In order to create a playlist on Sporcle, you need to verify the email address you used during registration. Go to your Sporcle Settings to finish the process.

Report this User

Report this user for behavior that violates our Community Guidelines.

Details: